000 00419nam a2200205Ia 4500
001 000823
003 YMCAF
005 20230512160035.0
008 100717s1971 ||||||||||||||||| ||und|d
024 _a823
035 _a805
040 _aYMCAF
_beng
_cIN-KoLT
041 _aeng
082 _aALT-PUS
100 _aPUSCHSTEIN
245 0 _aALTERNATY CURRENT MAC.
260 _c1971
300 _a0
942 _2ddc
_cBK
999 _c640
_d640